000 00289nam a22001337a 4500
003 SGT
020 _a81-8204-061-2
082 _a651.3
_bSIN
100 _aSINGH, DR. S.K.
245 _aBUSINESS COMMUNICATION
260 _aDELHI
_bAMAN PUB.
_c2010
300 _a296
942 _2ddc
_cBK
_01
999 _c21037
_d21037